Risultati dell'Inter in UEFA Champions League 2018-2019 - Statistics

Statistiche generali
  • Questo quiz è stato fatto 33 volte
  • Il punteggio medio è 4 su 6
Statistiche sulle risposte
Hint Risposta % Corretto
Inter - Tottenham 2-1
96%
Tottenham - Inter 1-0
70%
Inter - Barcellona 1-1
70%
Inter - PSV 1-1
70%
PSV - Inter 1-2
70%
Barcellona - Inter 2-0
48%
Nessun quiz corrispondente trovato
Distribuzione punteggi
Percentuale di utenti per punteggio
Percentile per numero di risposta
I tuoi punteggi nel tempo
Non hai fatto questo quiz